Recuperando el manglar (Registro nro. 17664)

Detalles MARC
000 -CABECERA
Campo de control 01107nac a22002537a 4500
005 - FECHA Y HORA DE LA ULTIMA TRANSACCION
Campo de control 20150811160043.0
008 - ELEMENTOS DE LONGITUD FIJA—INFORMACION GENERAL
Campo de control 150811b2014 ck |||||r|||| 00| 0 spa d
040 ## - FUENTE DE CATALOGACIÓN
Agencia catalogadora original CO-BoIAVH
Agencia transcriptora CO-BoIAVH
041 0# - IDIOMA
Código de idioma para texto/pista de sonido o título separado Español
044 ## - PAÍS DE PUBLICACIÓN
País de publicación Colombia
090 ## - CLASIFICACIÓN LOCAL
Colección EA-
Consecutivo 303
100 1# - ASIENTO PRINCIPAL--NOMBRE PERSONAL
Nombre personal Tavera Escobar, Héctor A.
9 (RLIN) 22907
245 1# - MENCION DE TITULO
Título Recuperando el manglar
Parte restante del título Manual para el desarrollo de actividades de recuperación de manglar
260 3# - PUBLICACION, DISTRIBUCION, ETC. (PIE DE IMPRENTA)
Lugar de publicación, distribución, etc. Bogotá (Colombia):
Nombre del editor, distribuidor, etc. Fundación Marviva,
Fecha de publicación, distribución, etc. 2014.
300 ## - DESCRIPCION FISICA
Extensión 28 p.
Otros detalles físicos ilustraciones, fotografías, color.
Dimensiones 21 cm.
490 ## - MENCION DE SERIE
Mención de serie Proyecto Incentivos a la Conservación, caso piloto Pacífico
505 ## - NOTA DE CONTENIDO
Nota de contenido Selección de los sitios a recuperar.<br/>La recolección de semillas.<br/>Selección de las semillas.<br/>Selección de la fuente del material vegetal.<br/>A producir plantas en vivero.<br/>La construcción del vivero.
650 #6 - ASIENTO SECUNDARIO DE MATERIA - TERMINO TEMATICO
Término temático o nombre geográfico como elemento de entrada Siembra
Subdivisión de forma Manual
9 (RLIN) 36748
650 #6 - ASIENTO SECUNDARIO DE MATERIA - TERMINO TEMATICO
Término temático o nombre geográfico como elemento de entrada Conservación de biodiversidad
Subdivisión de forma Manual
9 (RLIN) 36749
650 #6 - ASIENTO SECUNDARIO DE MATERIA - TERMINO TEMATICO
Término temático o nombre geográfico como elemento de entrada Manejo de semillas
Subdivisión de forma Manual
9 (RLIN) 36750
700 1# - ASIENTO SECUNDARIO - NOMBRE PERSONAL
Nombre personal Rentería Maturana, Elmer
9 (RLIN) 36744
700 1# - ASIENTO SECUNDARIO - NOMBRE PERSONAL
Nombre personal Castaño Murillo, Benjamín
9 (RLIN) 10250
942 ## - ELEMENTOS ADICIONALES (KOHA)
Sistema de clasificación Local
Tipo de ítem Folleto
Existencias
Withdrawn status Lost status Sistema de Clasificación Damaged status No para préstamo Colección Inventariado Ubicación Permanente Ubicación actual Fecha de adquisición Total Checkouts Número topográfico Inventario / Código de Barras Date last seen Ejemplar Price effective from Forma de adquisición Tipo de material
    Local     Educación Ambiental Inventariado 2017 Sala Fabio Quevedo Sala Fabio Quevedo 11/08/2015   EA-303 038940 11/08/2015 Ej. 1 11/08/2015   Folleto